[Event "Titled Tuesday intern op 26th Oct"]
[Site "Chess.com INT"]
[Date "2021.10.26"]
[Round "9"]
[White "Zakharov, Alexander S"]
[Black "Golubovskis, Maksims"]
[Result "1-0"]
[WhiteElo "2428"]
[BlackElo "2210"]
[PlyCount "41"]
[EventDate "2021.10.26"]
[EventType "swiss (blitz)"]
[EventRounds "11"]
[EventCountry "USA"]
[SourceTitle "CBM 204 Extra"]
[Source "ChessBase"]
[SourceDate "2021.11.30"]
[SourceVersion "1"]
[SourceVersionDate "2021.11.30"]
[SourceQuality "1"]

1. e4 c5 2. c3 Nf6 3. e5 Nd5 4. d4 cxd4 5. Nf3 d6 6. cxd4 Nc6 7. Bc4 dxe5 8. Bxd5 Qxd5 9. Nc3 Qd8 10. d5 Nb8 11. Nxe5 g6 12. Qf3 f6 13. Ng4 Bg7 14. Nh6 g5 15. Qh5+ Kd7 16. Nf7 Qe8 17. Qg4+ Kc7 18. Qc4+ Kd7 19. Qa4+ Kc7 20. Nb5+ Kb6 21. Be3# 1-0

[Event "Titled Tuesday intern op 06th July"]
[Site "Chess.com INT"]
[Date "2021.07.06"]
[Round "5"]
[White "Zakharov, Alexander S"]
[Black "Donatti, Alvaro"]
[Result "1-0"]
[WhiteElo "2428"]
[BlackElo "2193"]
[PlyCount "49"]
[EventDate "2021.07.06"]
[EventType "swiss (blitz)"]
[EventRounds "11"]
[EventCountry "USA"]
[SourceTitle "EXT 2022"]
[Source "ChessBase"]
[SourceDate "2021.10.06"]
[SourceVersion "1"]
[SourceVersionDate "2021.10.06"]
[SourceQuality "1"]

1. e4 c5 2. c3 d5 3. exd5 Qxd5 4. d4 Nf6 5. Nf3 Bg4 6. Nbd2 Nc6 7. Qa4 Bd7 8. Bc4 Qh5 9. dxc5 Qxc5 10. Qb3 e6 11. Qxb7 Rb8 12. Qa6 Rb6 13. b4 Qh5 14. Qa3 Bd6 15. 0-0 0-0 16. Qb3 Ne5 17. Qd1 Nxc4 18. Nxc4 Bc6 19. Nxd6 Bxf3 20. Qxf3 Qxf3 21. gxf3 Rxd6 22. Be3 a6 23. Bc5 Rfd8 24. Bxd6 Rxd6 25. Rfd1 1-0

[Event "Titled Tuesday intern op 06th July"]
[Site "Chess.com INT"]
[Date "2021.07.06"]
[Round "4"]
[White "Zakharov, Alexander S"]
[Black "Sanchez Alvares, Kelvin Antonio"]
[Result "0-1"]
[WhiteElo "2428"]
[BlackElo "2250"]
[PlyCount "46"]
[EventDate "2021.07.06"]
[EventType "swiss (blitz)"]
[EventRounds "11"]
[EventCountry "USA"]
[SourceTitle "EXT 2022"]
[Source "ChessBase"]
[SourceDate "2021.10.06"]
[SourceVersion "1"]
[SourceVersionDate "2021.10.06"]
[SourceQuality "1"]

1. e4 c5 2. c3 d5 3. exd5 Qxd5 4. d4 Nf6 5. Nf3 Bg4 6. Nbd2 Nc6 7. Qa4 cxd4 8. Bc4 Qd7 9. cxd4 Rc8 10. Qb3 e6 11. Ne5 Qxd4 12. Nxg4 Nxg4 13. 0-0 Qd6 14. Nf3 Nd4 15. Qa4+ Rc6 16. Rd1 Nxf3+ 17. Kf1 Ngxh2+ 18. Ke2 Nd4+ 19. Rxd4 Qxd4 20. Bb5 Qxa4 21. Bxa4 Ng4 22. f3 Nf6 23. Bf4 Nd5 0-1

[Event "Titled Tuesday intern op 29th June"]
[Site "Chess.com INT"]
[Date "2021.06.29"]
[Round "10"]
[White "Zakharov, Alexander S"]
[Black "Makhmudov, Shukhrat"]
[Result "1-0"]
[WhiteElo "2428"]
[BlackElo "2115"]
[PlyCount "67"]
[EventDate "2021.06.29"]
[EventType "swiss (blitz)"]
[EventRounds "11"]
[EventCountry "USA"]
[SourceTitle "CBM 203 Extra"]
[Source "ChessBase"]
[SourceDate "2021.09.30"]
[SourceVersion "1"]
[SourceVersionDate "2021.09.30"]
[SourceQuality "1"]

1. e4 e5 2. Nf3 Nc6 3. Bb5 a6 4. Ba4 Nf6 5. Qe2 b5 6. Bb3 Be7 7. a4 Rb8 8. axb5 axb5 9. d4 d6 10. c3 exd4 11. cxd4 Bg4 12. Be3 0-0 13. Nbd2 d5 14. e5 Ne4 15. h3 Nxd2 16. hxg4 Nxb3 17. Qd3 g6 18. Qxb3 Bb4+ 19. Ke2 f6 20. Rac1 Na5 21. Qxb4 Nc4 22. b3 fxe5 23. bxc4 bxc4 24. Qc5 Rb2+ 25. Nd2 exd4 26. Qxd4 Ra2 27. Rb1 c6 28. Rb7 Qf6 29. Qxf6 Rxf6 30. Rhxh7 c3 31. Rbg7+ Kf8 32. Bc5+ Ke8 33. Rh8+ Rf8 34. Rxf8# 1-0

[Event "Titled Tuesday intern op 29th June"]
[Site "Chess.com INT"]
[Date "2021.06.29"]
[Round "5"]
[White "Zhuravlev, Alexey"]
[Black "Zakharov, Alexander S"]
[Result "0-1"]
[WhiteElo "2359"]
[BlackElo "2428"]
[PlyCount "52"]
[EventDate "2021.06.29"]
[EventType "swiss (blitz)"]
[EventRounds "11"]
[EventCountry "USA"]
[SourceTitle "CBM 203 Extra"]
[Source "ChessBase"]
[SourceDate "2021.09.30"]
[SourceVersion "1"]
[SourceVersionDate "2021.09.30"]
[SourceQuality "1"]

1. e4 e6 2. d4 d5 3. Nc3 Bb4 4. e5 c5 5. a3 Bxc3+ 6. bxc3 Qa5 7. Bd2 Qa4 8. Qg4 Kf8 9. Bd3 b6 10. Nf3 Ba6 11. Bxa6 Qxa6 12. a4 Ne7 13. a5 Nd7 14. h4 h6 15. h5 Rc8 16. Rh3 Rc6 17. Qf4 Nf5 18. g4 Ne7 19. g5 Nf5 20. g6 fxg6 21. hxg6 Ke8 22. Nh4 Rf8 23. Nxf5 Rxf5 24. Qg4 cxd4 25. cxd4 Qc4 26. Rf3 Qxc2 0-1

[Event "Titled Tuesday intern op 13th Apr"]
[Site "Chess.com INT"]
[Date "2021.04.13"]
[Round "9"]
[White "Zakharov, Alexander S"]
[Black "Kiseleva, Simona"]
[Result "0-1"]
[WhiteElo "2428"]
[BlackElo "2171"]
[PlyCount "90"]
[EventDate "2021.04.13"]
[EventType "swiss (blitz)"]
[EventRounds "11"]
[EventCountry "USA"]
[SourceTitle "CBM 201 Extra"]
[Source "ChessBase"]
[SourceDate "2021.05.31"]
[SourceVersion "1"]
[SourceVersionDate "2021.05.31"]
[SourceQuality "1"]

1. e4 d5 2. exd5 Nf6 3. Nf3 Bg4 4. h3 Bxf3 5. Qxf3 Qxd5 6. Qxd5 Nxd5 7. d4 e6 8. Be2 Nd7 9. 0-0 Be7 10. a3 0-0 11. c4 N5f6 12. Nc3 c6 13. Be3 Rfd8 14. Rfd1 Nf8 15. Bf3 Ng6 16. g3 Bd6 17. Kg2 h6 18. h4 Ne7 19. g4 Nd7 20. Ne4 Bc7 21. h5 b6 22. b4 Rac8 23. Rac1 f5 24. Nc3 Kf7 25. Re1 Nf6 26. g5 hxg5 27. Bxg5 Rxd4 28. Re2 e5 29. Kh2 e4+ 30. Kg2 exf3+ 31. Kxf3 Ne4 32. Nxe4 fxe4+ 33. Rxe4 Rxe4 34. Kxe4 Re8 35. f4 Ng8+ 36. Kf3 Nf6 37. Rd1 Rd8 38. Re1 Rd3+ 39. Re3 Rxe3+ 40. Kxe3 Ke6 41. h6 gxh6 42. Bxh6 Ng4+ 43. Ke4 Nxh6 44. f5+ Nxf5 45. b5 c5 0-1

[Event "Titled Tuesday intern op 09th Mar"]
[Site "Chess.com INT"]
[Date "2021.03.09"]
[Round "6"]
[White "Stromboli, Ettore"]
[Black "Zakharov, Alexander S"]
[Result "1-0"]
[WhiteElo "2308"]
[BlackElo "2428"]
[PlyCount "63"]
[EventDate "2021.03.09"]
[EventType "swiss (blitz)"]
[EventRounds "11"]
[EventCountry "USA"]
[SourceTitle "CBM 201 Extra"]
[Source "ChessBase"]
[SourceDate "2021.05.31"]
[SourceVersion "1"]
[SourceVersionDate "2021.05.31"]
[SourceQuality "1"]

1. e4 e6 2. d4 d5 3. e5 c5 4. c3 Qb6 5. Be3 Qxb2 6. Nd2 Qxc3 7. Rc1 Qa5 8. dxc5 Nd7 9. Ngf3 Bxc5 10. Bd3 Bxe3 11. fxe3 Ne7 12. 0-0 h6 13. Nb3 Qb6 14. Nbd4 Nc6 15. Bb1 Ndxe5 16. Nxe5 Nxe5 17. Qh5 0-0 18. Qxe5 Bd7 19. Qc7 Qxc7 20. Rxc7 Bc8 21. e4 e5 22. Nf3 dxe4 23. Nxe5 f5 24. Bc2 Be6 25. Rxb7 Rfc8 26. Bb3 Bxb3 27. axb3 Rab8 28. Rxb8 Rxb8 29. Rxf5 Rb5 30. Nc6 Rxb3 31. Nxa7 e3 32. Rf1 1-0

[Event "Titled Tuesday intern op 23rd Feb"]
[Site "Chess.com INT"]
[Date "2021.02.23"]
[Round "8"]
[White "Creanga, Robert Ionut"]
[Black "Zakharov, Alexander S"]
[Result "0-1"]
[WhiteElo "2141"]
[BlackElo "2428"]
[PlyCount "64"]
[EventDate "2021.02.23"]
[EventType "swiss (blitz)"]
[EventRounds "11"]
[EventCountry "USA"]
[SourceTitle "CBM 200 Extra"]
[Source "ChessBase"]
[SourceDate "2021.03.31"]
[SourceVersion "1"]
[SourceVersionDate "2021.03.31"]
[SourceQuality "1"]

1. d4 d5 2. c4 dxc4 3. Nf3 Nf6 4. e3 e6 5. Bxc4 c5 6. 0-0 a6 7. a4 Nc6 8. Nc3 Be7 9. Qe2 cxd4 10. Rd1 e5 11. exd4 exd4 12. Be3 Bg4 13. h3 Bxf3 14. Qxf3 Qb6 15. Nd5 Nxd5 16. Qxd5 0-0 17. Bxd4 Nxd4 18. Qxd4 Bc5 19. Qd2 Rad8 20. Qe2 Bd4 21. Rd2 Rd6 22. Rad1 Rfd8 23. Rd3 g6 24. Qf3 Rf6 25. Rxd4 Rxd4 26. Bxf7+ Rxf7 27. Rxd4 Rxf3 28. Rd2 Rb3 29. Re2 Rxb2 30. Re8+ Kf7 31. Rc8 Qxf2+ 32. Kh2 Qxg2# 0-1

[Event "Titled Tuesday intern op 23rd Feb"]
[Site "Chess.com INT"]
[Date "2021.02.23"]
[Round "6"]
[White "Zakharov, Alexander S"]
[Black "Guimaraes, Diogo Duarte"]
[Result "1-0"]
[WhiteElo "2428"]
[BlackElo "2248"]
[PlyCount "75"]
[EventDate "2021.02.23"]
[EventType "swiss (blitz)"]
[EventRounds "11"]
[EventCountry "USA"]
[SourceTitle "CBM 200 Extra"]
[Source "ChessBase"]
[SourceDate "2021.03.31"]
[SourceVersion "1"]
[SourceVersionDate "2021.03.31"]
[SourceQuality "1"]

1. e4 e5 2. Nf3 Nc6 3. Bb5 Nge7 4. 0-0 a6 5. Ba4 g6 6. d4 Bg7 7. Bg5 Nxd4 8. Nxd4 exd4 9. e5 Bxe5 10. Re1 f6 11. Bh6 Nf5 12. f4 Nxh6 13. fxe5 0-0 14. Qxd4 fxe5 15. Bb3+ Kh8 16. Qxe5+ Qf6 17. Qxf6+ Rxf6 18. Re8+ Kg7 19. Nc3 Rf8 20. Rae1 Rxe8 21. Rxe8 b5 22. Nd5 Bb7 23. Re7+ Kf8 24. Rxh7 Nf7 25. Nxc7 Ng5 26. Rh8+ Ke7 27. Rxa8 Bxa8 28. Nxa8 Kd6 29. Nb6 Ne4 30. Nd5 a5 31. Nc3 Nxc3 32. bxc3 a4 33. Bf7 g5 34. g3 Ke5 35. Kf2 Kf6 36. Be8 Ke7 37. Bg6 Kf6 38. Bd3 1-0

[Event "Titled Tuesday intern op 09th Feb"]
[Site "Chess.com INT"]
[Date "2021.02.09"]
[Round "8"]
[White "Zakharov, Alexander S"]
[Black "Correa, Jose Augusto"]
[Result "1-0"]
[WhiteElo "2428"]
[BlackElo "1883"]
[PlyCount "69"]
[EventDate "2021.02.09"]
[EventType "swiss (blitz)"]
[EventRounds "11"]
[EventCountry "USA"]
[SourceTitle "EXT 2022"]
[Source "ChessBase"]
[SourceDate "2021.10.06"]
[SourceVersion "1"]
[SourceVersionDate "2021.10.06"]
[SourceQuality "1"]

1. e4 c5 2. c3 d5 3. exd5 Qxd5 4. d4 Nf6 5. Nf3 Nc6 6. Na3 cxd4 7. Nb5 Qd7 8. Nbxd4 a6 9. Be2 Nxd4 10. Qxd4 Qxd4 11. Nxd4 e5 12. Nb3 Be7 13. Be3 Nd5 14. Bc5 Bxc5 15. Nxc5 b6 16. Bf3 bxc5 17. Bxd5 Rb8 18. 0-0-0 0-0 19. Rhe1 Re8 20. Bc6 Bg4 21. Bxe8 Bxd1 22. Rxe5 Bg4 23. Bc6 Rc8 24. Re8+ Rxe8 25. Bxe8 Kf8 26. Bc6 Ke7 27. b4 cxb4 28. cxb4 Be2 29. Kd2 Bc4 30. a3 Kd6 31. Be4 g6 32. Bd3 Kd5 33. Kc3 Bb5 34. Bxb5 axb5 35. Kb3 1-0

[Event "Titled Tuesday intern op 02nd Feb"]
[Site "Chess.com INT"]
[Date "2021.02.02"]
[Round "6"]
[White "Zakharov, Alexander S"]
[Black "Dukic, Zachary"]
[Result "0-1"]
[WhiteElo "2428"]
[BlackElo "2149"]
[PlyCount "56"]
[EventDate "2021.02.02"]
[EventType "swiss (blitz)"]
[EventRounds "11"]
[EventCountry "USA"]
[SourceTitle "CBM 200 Extra"]
[Source "ChessBase"]
[SourceDate "2021.03.31"]
[SourceVersion "1"]
[SourceVersionDate "2021.03.31"]
[SourceQuality "1"]

1. e4 e5 2. Nf3 Nc6 3. Bb5 a6 4. Ba4 Nf6 5. Qe2 b5 6. Bb3 Bc5 7. a4 b4 8. a5 Nd4 9. Nxd4 Bxd4 10. c3 Ba7 11. d3 h6 12. Nd2 bxc3 13. bxc3 0-0 14. Ba3 Re8 15. 0-0 d5 16. Qf3 c6 17. exd5 cxd5 18. Ba4 Bd7 19. Bxd7 Qxd7 20. Rfe1 Rac8 21. Bb4 Ng4 22. Re2 f5 23. h3 e4 24. dxe4 dxe4 25. Nxe4 Ne5 26. Nf6+ gxf6 27. Qg3+ Qg7 28. Qh4 Nf3+ 0-1

[Event "Titled Tuesday intern op 02nd Feb"]
[Site "Chess.com INT"]
[Date "2021.02.02"]
[Round "9"]
[White "Zakharov, Alexander S"]
[Black "Markelova, Lubov"]
[Result "1-0"]
[WhiteElo "2428"]
[BlackElo "2179"]
[PlyCount "49"]
[EventDate "2021.02.02"]
[EventType "swiss (blitz)"]
[EventRounds "11"]
[EventCountry "USA"]
[SourceTitle "CBM 200 Extra"]
[Source "ChessBase"]
[SourceDate "2021.03.31"]
[SourceVersion "1"]
[SourceVersionDate "2021.03.31"]
[SourceQuality "1"]

1. e4 e6 2. Nf3 d5 3. Nc3 d4 4. Ne2 c5 5. c3 Nf6 6. e5 Nfd7 7. cxd4 cxd4 8. Nexd4 Nxe5 9. Bb5+ Nec6 10. 0-0 Bd7 11. Nc2 Bd6 12. d4 0-0 13. Qe2 a6 14. Bd3 Nb4 15. Nxb4 Bxb4 16. Qe4 f5 17. Qxb7 Nc6 18. Bg5 Be7 19. Bxe7 Qxe7 20. Rfe1 Rfb8 21. Qc7 Ra7 22. Qf4 Rxb2 23. d5 e5 24. dxc6 exf4 25. Rxe7 1-0

[Event "Titled Tuesday intern op 26th Jan"]
[Site "Chess.com INT"]
[Date "2021.01.26"]
[Round "11"]
[White "Zakharov, Alexander S"]
[Black "Zavivaeva, Evelina"]
[Result "1-0"]
[WhiteElo "2428"]
[BlackElo "1536"]
[PlyCount "57"]
[EventDate "2021.01.26"]
[EventType "swiss (blitz)"]
[EventRounds "11"]
[EventCountry "USA"]
[SourceTitle "CBM 200 Extra"]
[Source "ChessBase"]
[SourceDate "2021.03.31"]
[SourceVersion "1"]
[SourceVersionDate "2021.03.31"]
[SourceQuality "1"]

1. e4 e5 2. Nf3 Nc6 3. Bb5 a6 4. Ba4 b5 5. Bb3 Nf6 6. Qe2 Bc5 7. a4 bxa4 8. Bxf7+ Kxf7 9. Qc4+ d5 10. Qxc5 dxe4 11. Ng5+ Kg6 12. Qxc6 Bd7 13. Qc5 Kxg5 14. d4+ Kg6 15. dxe5 Ng4 16. h3 Nh6 17. Bxh6 gxh6 18. Nc3 Rf8 19. Nxe4 Bf5 20. Nf6 Rxf6 21. exf6 Qxf6 22. 0-0 Re8 23. Rxa4 Bxc2 24. Qxc2+ Kg7 25. Rc4 Re7 26. Rc1 Qf7 27. Rxc7 Rxc7 28. Qxc7 Kh8 29. Qxf7 1-0

[Event "Doroshkevich Memorial op"]
[Site "Belorechensk"]
[Date "2010.05.29"]
[Round "8"]
[White "Barsamian, Eduard"]
[Black "Zakharov, Alexander S"]
[Result "1/2-1/2"]
[WhiteElo "2188"]
[BlackElo "2437"]
[PlyCount "95"]
[EventDate "2010.05.22"]
[EventType "swiss"]
[EventRounds "9"]
[EventCountry "RUS"]
[SourceTitle "EXT 2011"]
[Source "ChessBase"]
[SourceDate "2010.11.26"]
[SourceVersion "1"]
[SourceVersionDate "2010.11.26"]
[SourceQuality "1"]

1. d4 Nf6 2. c4 c5 3. d5 e6 4. Nc3 exd5 5. cxd5 d6 6. e4 g6 7. f3 Bg7 8. Bd3 0-0 9. Nge2 Na6 10. 0-0 Nc7 11. Bg5 a6 12. a4 Bd7 13. Qd2 b5 14. b3 Qe7 15. Ra2 Rfb8 16. a5 Qf8 17. Nd1 h6 18. Be3 Re8 19. Bf2 Rac8 20. b4 Rcd8 21. Bb1 Bc8 22. Rc2 Nd7 23. Nc1 Bb7 24. Nd3 c4 25. Nf4 Qe7 26. Rc1 Rc8 27. Nc3 Ne5 28. Kh1 Rf8 29. Rfe1 Ne8 30. Nfe2 Nf6 31. Nd4 Nfd7 32. Bg1 Rfe8 33. h3 Qh4 34. Kh2 Nd3 35. Bxd3 Be5+ 36. Kh1 cxd3 37. Qxd3 Bf4 38. Be3 Ne5 39. Qe2 Rc4 40. Na2 Bxe3 41. Qxe3 Rxd4 42. Qxd4 Nxf3 43. gxf3 Qxh3+ 44. Kg1 Qg3+ 45. Kf1 Qxf3+ 46. Qf2 Qh1+ 47. Qg1 Qf3+ 48. Qf2 1/2-1/2

[Event "Doroshkevich Memorial op"]
[Site "Belorechensk"]
[Date "2010.05.26"]
[Round "5"]
[White "Zakharov, Alexander S"]
[Black "Lugovskoy, Maxim"]
[Result "0-1"]
[WhiteElo "2437"]
[BlackElo "2071"]
[PlyCount "58"]
[EventDate "2010.05.22"]
[EventType "swiss"]
[EventRounds "9"]
[EventCountry "RUS"]
[SourceTitle "EXT 2011"]
[Source "ChessBase"]
[SourceDate "2010.11.26"]
[SourceVersion "1"]
[SourceVersionDate "2010.11.26"]
[SourceQuality "1"]

1. c4 e6 2. Nf3 d5 3. d4 Nf6 4. Nc3 Nbd7 5. Bg5 c6 6. e3 Be7 7. Qc2 0-0 8. Rd1 h6 9. Bf4 b6 10. cxd5 exd5 11. g4 Ne4 12. Nxe4 dxe4 13. Nd2 Nf6 14. Be2 Be6 15. a3 Bd5 16. Rg1 Bd6 17. h4 Bxf4 18. exf4 Qd6 19. g5 Nh7 20. Nf1 Qxf4 21. Rg4 Qd6 22. gxh6 Qxh6 23. h5 Ng5 24. Qd2 f6 25. Ng3 Rae8 26. Kf1 Be6 27. Rh4 e3 28. fxe3 f5 29. Rc1 Ne4 0-1

[Event "Doroshkevich Memorial op"]
[Site "Belorechensk"]
[Date "2010.05.24"]
[Round "3"]
[White "Zakharov, Alexander S"]
[Black "Elizarov, Dmitry"]
[Result "1/2-1/2"]
[WhiteElo "2437"]
[BlackElo "2341"]
[PlyCount "41"]
[EventDate "2010.05.22"]
[EventType "swiss"]
[EventRounds "9"]
[EventCountry "RUS"]
[SourceTitle "EXT 2011"]
[Source "ChessBase"]
[SourceDate "2010.11.26"]
[SourceVersion "1"]
[SourceVersionDate "2010.11.26"]
[SourceQuality "1"]

1. d4 d5 2. c4 c6 3. Nf3 Nf6 4. e3 e6 5. Bd3 Nbd7 6. 0-0 Be7 7. Nc3 dxc4 8. Bxc4 b5 9. Bd3 b4 10. Na4 Qa5 11. Qc2 Bb7 12. a3 bxa3 13. bxa3 0-0 14. Bd2 Qh5 15. Rfb1 Rab8 16. Bb4 c5 17. Nxc5 Rfc8 18. Qe2 Nxc5 19. Bxc5 Bxc5 20. dxc5 Qxc5 21. Qb2 1/2-1/2